<?xml version="1.0" encoding="UTF-8"?>
<record
    xmlns:xsi="http://www.w3.org/2001/XMLSchema-instance"
    xsi:schemaLocation="http://www.loc.gov/MARC21/slim http://www.loc.gov/standards/marcxml/schema/MARC21slim.xsd"
    xmlns="http://www.loc.gov/MARC21/slim">

  <leader>01681nam a22002777a 4500</leader>
  <controlfield tag="008">170705s2015        xxu||||| |||| 00| 0 eng d</controlfield>
  <datafield tag="020" ind1=" " ind2=" ">
    <subfield code="a">9780916365905</subfield>
  </datafield>
  <datafield tag="082" ind1="0" ind2="4">
    <subfield code="a">707</subfield>
    <subfield code="b">S642t</subfield>
  </datafield>
  <datafield tag="100" ind1="1" ind2=" ">
    <subfield code="a">Smith, Terry.</subfield>
    <subfield code="9">5855</subfield>
  </datafield>
  <datafield tag="245" ind1="1" ind2="0">
    <subfield code="a">Talking contemporary curating /</subfield>
    <subfield code="c">Terry Smith.</subfield>
  </datafield>
  <datafield tag="250" ind1=" " ind2=" ">
    <subfield code="a">1a edici&#xF3;n.</subfield>
  </datafield>
  <datafield tag="260" ind1=" " ind2=" ">
    <subfield code="a">Nueva York, Estados Unidos :</subfield>
    <subfield code="b">Independent Curators International (ICI),</subfield>
    <subfield code="c">2015.</subfield>
  </datafield>
  <datafield tag="300" ind1=" " ind2=" ">
    <subfield code="a">344 p&#xE1;ginas.</subfield>
  </datafield>
  <datafield tag="440" ind1=" " ind2="0">
    <subfield code="a">Perspectives In Curating</subfield>
    <subfield code="v">2</subfield>
    <subfield code="9">5856</subfield>
  </datafield>
  <datafield tag="505" ind1="0" ind2=" ">
    <subfield code="t">Preface </subfield>
    <subfield code="r">Kate Fowle.</subfield>
    <subfield code="t">The discourse</subfield>
    <subfield code="r">Terry Smith.</subfield>
    <subfield code="t">On not having an idea: dOCUMENTA(13)</subfield>
    <subfield code="r">Carolyn Christovakargiev.</subfield>
    <subfield code="t">Exhibitions, installations and nostalgia</subfield>
    <subfield code="r">Boris Groys.</subfield>
    <subfield code="t">World platforms, exhibiting adjacency, and the surplus value of arte</subfield>
    <subfield code="r">Okwui Enwezor.</subfield>
    <subfield code="t">Curating as Medium</subfield>
    <subfield code="r">Hans Ulrich Obrist.</subfield>
    <subfield code="t">Museum models, radical spectatorship</subfield>
    <subfield code="r">Claire Bishop.</subfield>
    <subfield code="t">Continuities and ruptures in museums of modern and contemporary art</subfield>
    <subfield code="r">Zdenka Badovinac.</subfield>
    <subfield code="t">Phantoms of Asia; curating according to what</subfield>
    <subfield code="r">Mami Kataoka.</subfield>
    <subfield code="t">Brokering identities: translating Latin America</subfield>
    <subfield code="r">Mari Carmen Ram&#xED;rez.</subfield>
    <subfield code="t">Re-curating attitudes, Bern 1969/Venice 2013</subfield>
    <subfield code="r">Germano Celant.</subfield>
    <subfield code="t">When ideas become form become exhibitions</subfield>
    <subfield code="r">Jens Hoffmann.</subfield>
    <subfield code="t">Infrastructural activism: alternative spaces and curating networks</subfield>
    <subfield code="r">Zoe Butt.</subfield>
    <subfield code="t">Stirring the smooth surfaces of the world: the curatorial and the translocal</subfield>
    <subfield code="r">Maria Lind.</subfield>
  </datafield>
  <datafield tag="653" ind1="1" ind2="0">
    <subfield code="a">Curadur&#xED;a</subfield>
  </datafield>
  <datafield tag="653" ind1="1" ind2="0">
    <subfield code="a">Arte contempor&#xE1;neo </subfield>
  </datafield>
  <datafield tag="653" ind1="1" ind2="0">
    <subfield code="a">Curadores</subfield>
  </datafield>
  <datafield tag="653" ind1="1" ind2="0">
    <subfield code="a">Arte - Cr&#xED;tica y apreciaci&#xF3;n</subfield>
  </datafield>
  <datafield tag="653" ind1="1" ind2="0">
    <subfield code="a">Exhibiciones</subfield>
  </datafield>
  <datafield tag="653" ind1="1" ind2="0">
    <subfield code="a">Valor del arte</subfield>
  </datafield>
  <datafield tag="653" ind1="1" ind2="0">
    <subfield code="a">Pr&#xE1;cticas curatoriales</subfield>
  </datafield>
  <datafield tag="653" ind1="1" ind2="0">
    <subfield code="a">Historia del arte</subfield>
  </datafield>
  <datafield tag="653" ind1="1" ind2="0">
    <subfield code="a">Redes curatoriales</subfield>
  </datafield>
  <datafield tag="653" ind1="1" ind2="0">
    <subfield code="a">Ensayos</subfield>
  </datafield>
  <datafield tag="999" ind1=" " ind2=" ">
    <subfield code="c">1220</subfield>
    <subfield code="d">1220</subfield>
  </datafield>
  <datafield tag="952" ind1=" " ind2=" ">
    <subfield code="0">0</subfield>
    <subfield code="1">0</subfield>
    <subfield code="2">ddc</subfield>
    <subfield code="4">0</subfield>
    <subfield code="7">0</subfield>
    <subfield code="a">LV</subfield>
    <subfield code="b">LV</subfield>
    <subfield code="c">Monograf&#xED;as</subfield>
    <subfield code="d">2017-07-06</subfield>
    <subfield code="l">0</subfield>
    <subfield code="o">707 S642t</subfield>
    <subfield code="p">004422</subfield>
    <subfield code="r">2017-07-06 00:00:00</subfield>
    <subfield code="w">2017-07-06</subfield>
    <subfield code="y">01</subfield>
  </datafield>
</record>
